000 00503nam a2200181Ia 4500
005 20240913125839.0
008 240913s9999||||xx |||||||||||||| ||und||
041 _aENGLISH
082 _A612.015 Q1
100 _aVasudevan DM
245 0 _aTextbook of Biochemistry for Medical Students
250 _a6th
260 _c2011
_bJaypee Brothers Medical Publishers (P
500 _aREFERENCE
650 _aHuman Genetics and Molecular Biology
_bAllied Health Science
942 _cREF
999 _c246398
_d246398